[Event "43. Olimpiada Batumi 2018 Femenina"]
[Site "Batumi GEO"]
[Date "2018.10.04"]
[Round "10.4"]
[White "Reid, Caitlin"]
[Black "Pinilla Delgado, Sofia Ignacia"]
[Result "0-1"]
[WhiteElo "1488"]
[BlackElo "1710"]
[PlyCount "134"]
[EventDate "2018.09.24"]
[EventType "team-swiss"]
[EventRounds "11"]
[EventCountry "GEO"]
[SourceTitle "Ajedrez en Madrid"]
[Source "lmi"]
[SourceDate "2018.09.24"]
[WhiteTeam "Scotland"]
[BlackTeam "Chile"]
[WhiteTeamCountry "SCO"]
[BlackTeamCountry "CHI"]

1. e4 d6 2. Nf3 Nf6 3. e5 dxe5 4. Nxe5 Bf5 5. Bc4 e6 6. d4 Nbd7 7. f4 c6 8. Nc3
Qc7 9. Be3 Nb6 10. Bb3 Nfd5 11. Qf3 h5 12. Ne4 f6 13. Nd3 O-O-O 14. O-O Bg4 15.
Qf2 Re8 16. Bd2 Qf7 17. c4 Nc7 18. Bb4 Qg6 19. Rae1 Bf5 20. Bxf8 Bxe4 21. Nc5
Bxg2 22. Qxg2 Qxg2+ 23. Kxg2 Rhxf8 24. Rf3 g6 25. Bc2 Rg8 26. Ne4 Ref8 27. Nd6+
Kb8 28. Rb3 Rd8 29. c5 Ncd5 30. Kf3 Rd7 31. Rxe6 Nc8 32. Ne4 Rf8 33. Rxc6 Ka8
34. Re6 g5 35. f5 g4+ 36. Kg3 Rdf7 37. Bd3 Nc7 38. Nd6 Nxe6 39. Nxf7 Nxd4 40.
Rb4 Nc6 41. Re4 Rxf7 42. Re8 Kb8 43. Bc4 Rh7 44. Rf8 Rh6 45. b4 a6 46. a4 Kc7
47. Rf7+ N6e7 48. b5 axb5 49. axb5 b6 50. Be6 Kb8 51. cxb6 Rh8 52. b7 Kxb7 53.
Bxc8+ Rxc8 54. Rxe7+ Kb6 55. Re2 Rc3+ 56. Kf4 Kxb5 57. Re3 Rxe3 58. Kxe3 Kc5
59. Ke4 Kc4 60. Ke3 Kd5 61. Kf4 Kd4 62. Kg3 Ke5 63. Kh4 Kxf5 64. Kxh5 Kf4 65.
Kh4 f5 66. Kh5 g3 67. hxg3+ Kxg3 0-1

[Event "43. Olimpiada Batumi 2018 Femenina"]
[Site "Batumi GEO"]
[Date "2018.10.04"]
[Round "10.1"]
[White "Perez Rodriguez, Jennifer"]
[Black "Mona, Khaled"]
[Result "1-0"]
[WhiteElo "2159"]
[BlackElo "2157"]
[PlyCount "103"]
[EventDate "2018.09.24"]
[EventType "team-swiss"]
[EventRounds "11"]
[EventCountry "GEO"]
[SourceTitle "Ajedrez en Madrid"]
[Source "lmi"]
[SourceDate "2018.09.24"]
[WhiteTeam "Paraguay"]
[BlackTeam "Egypt"]
[WhiteTeamCountry "PAR"]
[BlackTeamCountry "EGY"]

1. e4 e5 2. Nf3 Nc6 3. Bc4 Bc5 4. c3 Nf6 5. d3 d6 6. Bb3 Bb6 7. Nbd2 O-O 8. Nc4
Be6 9. Qe2 Na5 10. Nxa5 Bxa5 11. O-O c6 12. Bxe6 fxe6 13. d4 exd4 14. Nxd4 Qd7
15. e5 dxe5 16. Qxe5 Bb6 17. Be3 Rae8 18. h3 Bc7 19. Qc5 e5 20. Qc4+ Nd5 21.
Nc2 Kh8 22. Qe4 Nf6 23. Qc4 Qf5 24. Qe2 e4 25. Bd4 c5 26. Ne3 Qg5 27. Bxf6 Rxf6
28. Rad1 Rg6 29. Rd5 Qf4 30. g3 b6 31. Rf5 Qd6 32. Rd1 Qe6 33. Qc4 Qc8 34. Qf7
Rd6 35. Rxd6 Bxd6 36. Qxa7 Qc7 37. Qxc7 Bxc7 38. Rf7 Bd8 39. Rb7 Kg8 40. Nf5 g6
41. Nh6+ Kh8 42. Nf7+ Kg8 43. Nxd8 Rxd8 44. Rxb6 Rd1+ 45. Kg2 Rd2 46. Kf1 Kg7
47. a4 Rd1+ 48. Ke2 Ra1 49. Rb5 Rxa4 50. Rxc5 Kf6 51. b4 Ke6 52. Ra5 1-0

[Event "43. Olimpiada Batumi 2018 Femenina"]
[Site "Batumi GEO"]
[Date "2018.10.04"]
[Round "10.2"]
[White "Wafa, Shrook"]
[Black "Avalos, Leticia"]
[Result "1-0"]
[WhiteElo "2136"]
[BlackElo "1704"]
[PlyCount "113"]
[EventDate "2018.09.24"]
[EventType "team-swiss"]
[EventRounds "11"]
[EventCountry "GEO"]
[SourceTitle "Ajedrez en Madrid"]
[Source "lmi"]
[SourceDate "2018.09.24"]
[WhiteTeam "Egypt"]
[BlackTeam "Paraguay"]
[WhiteTeamCountry "EGY"]
[BlackTeamCountry "PAR"]

1. e4 e6 2. d4 d5 3. Nc3 Nc6 4. Nf3 Nf6 5. Bg5 Be7 6. e5 Ne4 7. Bxe7 Qxe7 8. a3
Bd7 9. Be2 f6 10. exf6 Qxf6 11. O-O O-O-O 12. Bb5 Ng5 13. Bxc6 Nxf3+ 14. Qxf3
Bxc6 15. Qe3 g5 16. a4 h5 17. b4 g4 18. b5 Be8 19. a5 h4 20. b6 a6 21. bxc7 Rd6
22. Rfb1 g3 23. hxg3 hxg3 24. fxg3 Rd7 25. Na4 Rdh7 26. Nb6+ Kxc7 27. Qf4+ Qxf4
28. gxf4 Bg6 29. Rc1 Be4 30. c4 dxc4 31. Nxc4 Kd8 32. Re1 Bc6 33. Ne5 Bd5 34.
Kf2 Rh2 35. Nf7+ Ke7 36. Nxh8 Rxh8 37. Re5 Rh2 38. Rxd5 exd5 39. Rb1 Kf6 40.
Rxb7 Kf5 41. Kf3 Rh1 42. g4+ Kf6 43. g5+ Kf5 44. Rf7+ Kg6 45. Rf6+ Kg7 46. Rxa6
Rf1+ 47. Kg4 Rd1 48. Kf5 Rxd4 49. Ra7+ Kf8 50. g6 Rc4 51. Kg5 Rc1 52. f5 d4 53.
g7+ Kg8 54. Kg6 Rg1+ 55. Kf6 d3 56. Ra8+ Kh7 57. Rh8# 1-0

[Event "43. Olimpiada Batumi 2018 Femenina"]
[Site "Batumi GEO"]
[Date "2018.10.04"]
[Round "10.4"]
[White "Moaataz, Ayah"]
[Black "Carreras Colman, Luz Gabriela"]
[Result "1-0"]
[WhiteElo "2020"]
[BlackElo "1397"]
[PlyCount "79"]
[EventDate "2018.09.24"]
[EventType "team-swiss"]
[EventRounds "11"]
[EventCountry "GEO"]
[SourceTitle "Ajedrez en Madrid"]
[Source "lmi"]
[SourceDate "2018.09.24"]
[WhiteTeam "Egypt"]
[BlackTeam "Paraguay"]
[WhiteTeamCountry "EGY"]
[BlackTeamCountry "PAR"]

1. c4 e5 2. g3 Nf6 3. Bg2 d5 4. cxd5 Nxd5 5. Nf3 Nc6 6. O-O Nb6 7. d3 Be7 8.
Nc3 O-O 9. a3 Be6 10. b4 f6 11. Bb2 Nd5 12. Ne4 a6 13. d4 exd4 14. Nxd4 Nxd4
15. Bxd4 c6 16. Nc5 Bxc5 17. Bxc5 Re8 18. e4 Ne7 19. Qc2 Qc7 20. f4 Rad8 21. a4
a5 22. Rab1 b6 23. Bf2 Rb8 24. bxa5 bxa5 25. Bc5 Rb7 26. Rxb7 Qxb7 27. Rb1 Qd7
28. Qc3 Ra8 29. Bf1 f5 30. Qa3 Ng6 31. e5 Qf7 32. Bd6 Qa7+ 33. Bc5 Qf7 34. Ba6
Bd5 35. Rb7 Qe8 36. Bd3 Qc8 37. Qb2 h6 38. e6 Qxb7 39. Qxb7 Re8 40. Bxf5 1-0

[Event "43. Olimpiada Batumi 2018 Femenina"]
[Site "Batumi GEO"]
[Date "2018.10.04"]
[Round "10.1"]
[White "Mezioud, Amina"]
[Black "Maksimovic, Masa"]
[Result "1/2-1/2"]
[WhiteElo "2056"]
[BlackElo "2130"]
[PlyCount "76"]
[EventDate "2018.09.24"]
[EventType "team-swiss"]
[EventRounds "11"]
[EventCountry "GEO"]
[SourceTitle "Ajedrez en Madrid"]
[Source "lmi"]
[SourceDate "2018.09.24"]
[WhiteTeam "Algeria"]
[BlackTeam "Bosnia & Herzegovina"]
[WhiteTeamCountry "ALG"]
[BlackTeamCountry "BIH"]

1. e4 g6 2. d4 Bg7 3. Nc3 d6 4. Be3 a6 5. Nf3 b5 6. Qd2 Bb7 7. a3 Nd7 8. Be2
Rc8 9. O-O c5 10. dxc5 Nxc5 11. Bd4 Nf6 12. Bd3 Ne6 13. Rab1 Nxd4 14. Nxd4 O-O
15. Rfe1 Qc7 16. h3 Rfd8 17. Qe3 e5 18. Nf3 d5 19. exd5 Nxd5 20. Nxd5 Bxd5 21.
Nxe5 Re8 22. f4 Bxe5 23. fxe5 f6 24. Qd4 Rxe5 25. Rxe5 Qxe5 26. Qxe5 fxe5 27.
Re1 e4 28. Bxe4 Bxe4 29. Rxe4 Rxc2 30. Rb4 Kf7 31. a4 Rc5 32. axb5 axb5 33. Kf2
Ke6 34. Ke3 Kd6 35. Rd4+ Kc6 36. b4 Rc3+ 37. Kf2 Rc4 38. Ke3 Rc3+ 1/2-1/2

[Event "43. Olimpiada Batumi 2018 Femenina"]
[Site "Batumi GEO"]
[Date "2018.10.04"]
[Round "10.2"]
[White "Jacimovic, Sara"]
[Black "Latreche, Sabrina"]
[Result "1/2-1/2"]
[WhiteElo "1960"]
[BlackElo "2056"]
[PlyCount "66"]
[EventDate "2018.09.24"]
[EventType "team-swiss"]
[EventRounds "11"]
[EventCountry "GEO"]
[SourceTitle "Ajedrez en Madrid"]
[Source "lmi"]
[SourceDate "2018.09.24"]
[WhiteTeam "Bosnia & Herzegovina"]
[BlackTeam "Algeria"]
[WhiteTeamCountry "BIH"]
[BlackTeamCountry "ALG"]

1. e4 e5 2. Nf3 Nf6 3. Nxe5 d6 4. Nf3 Nxe4 5. d4 d5 6. Bd3 Bd6 7. O-O O-O 8. c4
c6 9. Nc3 Bf5 10. Qc2 Re8 11. Re1 Bb4 12. Bf4 Bg6 13. a3 Nxc3 14. Rxe8+ Qxe8
15. bxc3 Bf8 16. Bxg6 hxg6 17. cxd5 cxd5 18. Qb3 Nc6 19. Qxd5 Rd8 20. Qa2 Qe4
21. Bg3 Qd3 22. Rc1 Rc8 23. Qb2 Na5 24. Ne5 Qe4 25. Qa2 Rxc3 26. Qxf7+ Kh7 27.
Rf1 Bxa3 28. Nd7 Qf5 29. Qe8 Nc6 30. Bh4 g5 31. Qh5+ Kg8 32. Qe8+ Kh7 33. Qh5+
Kg8 1/2-1/2

[Event "43. Olimpiada Batumi 2018 Femenina"]
[Site "Batumi GEO"]
[Date "2018.10.04"]
[Round "10.3"]
[White "Toubal, Hayat"]
[Black "Mahmutbegovic, Nadina"]
[Result "1/2-1/2"]
[WhiteElo "1862"]
[BlackElo "1946"]
[PlyCount "62"]
[EventDate "2018.09.24"]
[EventType "team-swiss"]
[EventRounds "11"]
[EventCountry "GEO"]
[SourceTitle "Ajedrez en Madrid"]
[Source "lmi"]
[SourceDate "2018.09.24"]
[WhiteTeam "Algeria"]
[BlackTeam "Bosnia & Herzegovina"]
[WhiteTeamCountry "ALG"]
[BlackTeamCountry "BIH"]

1. d4 d5 2. Nf3 c5 3. e3 Nf6 4. Bd3 e6 5. c3 Nbd7 6. Nbd2 Bd6 7. O-O O-O 8. b3
e5 9. dxe5 Nxe5 10. Be2 Ne4 11. Bb2 Be6 12. Nxe4 dxe4 13. Nxe5 Bxe5 14. Qxd8
Rfxd8 15. Rfd1 a6 16. f4 Bf6 17. g4 g6 18. Rab1 Bg7 19. Ba3 b6 20. c4 a5 21.
Rxd8+ Rxd8 22. Rd1 Rxd1+ 23. Bxd1 f5 24. g5 Kf7 25. Bc1 Bc3 26. Kf2 Ke7 27. a4
Kd6 28. Bc2 Bd7 29. Ke2 Be6 30. Kf2 Bd7 31. Ke2 Be6 1/2-1/2

[Event "43. Olimpiada Batumi 2018 Femenina"]
[Site "Batumi GEO"]
[Date "2018.10.04"]
[Round "10.4"]
[White "Tomic, Vladanka"]
[Black "Nassr, Rania"]
[Result "1/2-1/2"]
[WhiteElo "1862"]
[BlackElo "1901"]
[PlyCount "71"]
[EventDate "2018.09.24"]
[EventType "team-swiss"]
[EventRounds "11"]
[EventCountry "GEO"]
[SourceTitle "Ajedrez en Madrid"]
[Source "lmi"]
[SourceDate "2018.09.24"]
[WhiteTeam "Bosnia & Herzegovina"]
[BlackTeam "Algeria"]
[WhiteTeamCountry "BIH"]
[BlackTeamCountry "ALG"]

1. e4 c5 2. Nf3 e6 3. d4 cxd4 4. Nxd4 Nf6 5. Nc3 Nc6 6. a3 d6 7. Be3 Be7 8. Be2
O-O 9. O-O a6 10. f4 Bd7 11. Kh1 Qc7 12. Nb3 b5 13. Bf3 Rab8 14. Ne2 Rfc8 15.
c3 e5 16. Qe1 Be6 17. Nd2 exf4 18. Bxf4 Ne5 19. Nd4 Ng6 20. Qg3 Nxf4 21. Qxf4
Bd7 22. Rae1 Rf8 23. Nf5 Bxf5 24. exf5 Rfe8 25. g4 h6 26. Qg3 Qc5 27. Qg2 Bf8
28. Nb3 Qc4 29. Nd4 d5 30. Be2 Qc7 31. Bf3 Qc4 32. Be2 Qc7 33. Bf3 Qc4 34. Be2
Qc7 35. Bf3 Qc4 36. Be2 1/2-1/2

[Event "43. Olimpiada Batumi 2018 Femenina"]
[Site "Batumi GEO"]
[Date "2018.10.04"]
[Round "10.1"]
[White "Dornbusch, Tatiana"]
[Black "Premanath, Dinushki"]
[Result "1-0"]
[WhiteElo "2271"]
[BlackElo "1813"]
[PlyCount "73"]
[EventDate "2018.09.24"]
[EventType "team-swiss"]
[EventRounds "11"]
[EventCountry "GEO"]
[SourceTitle "Ajedrez en Madrid"]
[Source "lmi"]
[SourceDate "2018.09.24"]
[WhiteTeam "Monaco"]
[BlackTeam "Sri Lanka"]
[WhiteTeamCountry "MNC"]
[BlackTeamCountry "SRI"]

1. d4 Nf6 2. Nf3 e6 3. g3 b6 4. Bg2 Bb7 5. O-O Be7 6. c4 O-O 7. Nc3 d5 8. Ne5
Nbd7 9. Qa4 c6 10. Rd1 Nxe5 11. dxe5 Nd7 12. cxd5 cxd5 13. e4 Nxe5 14. exd5 Qc8
15. Bf4 Bf6 16. Rac1 Qc4 17. Qa3 Rad8 18. Qxa7 Qa6 19. Qxa6 Bxa6 20. Ne4 Nd3
21. Nxf6+ gxf6 22. Rc6 Nxf4 23. gxf4 Be2 24. Rd2 Bg4 25. Rxb6 Rb8 26. Rxb8 Rxb8
27. d6 Kf8 28. Bc6 e5 29. b4 Rxb4 30. d7 Bxd7 31. Bxd7 Rxf4 32. a4 Rc4 33. Kg2
Ke7 34. a5 Rc7 35. a6 Ra7 36. Bc8 Ke8 37. Bb7 1-0

[Event "43. Olimpiada Batumi 2018 Femenina"]
[Site "Batumi GEO"]
[Date "2018.10.04"]
[Round "10.2"]
[White "Ranasinghe, S D."]
[Black "Jose Polanco, Kenia"]
[Result "0-1"]
[WhiteElo "1785"]
[BlackElo "1872"]
[PlyCount "106"]
[EventDate "2018.09.24"]
[EventType "team-swiss"]
[EventRounds "11"]
[EventCountry "GEO"]
[SourceTitle "Ajedrez en Madrid"]
[Source "lmi"]
[SourceDate "2018.09.24"]
[WhiteTeam "Sri Lanka"]
[BlackTeam "Monaco"]
[WhiteTeamCountry "SRI"]
[BlackTeamCountry "MNC"]

1. Nf3 f5 2. g3 Nf6 3. Bg2 g6 4. O-O Bg7 5. c4 d6 6. d4 e6 7. Nc3 O-O 8. Bg5 h6
9. Bc1 Nc6 10. d5 exd5 11. cxd5 Ne5 12. Nd4 Rb8 13. b3 a6 14. f4 Nf7 15. Ne6
Bxe6 16. dxe6 Nh8 17. Rb1 Re8 18. e4 c6 19. exf5 gxf5 20. Bh3 Qa5 21. b4 Qb6+
22. Kg2 Rxe6 23. Bxf5 Re7 24. Qxd6 Rbe8 25. Qc5 Qc7 26. Bd2 Bf8 27. Qc4+ Kg7
28. Rf2 Nf7 29. Bc2 Rd8 30. Ne4 Rxe4 31. Bxe4 Nd6 32. Qc2 Ndxe4 33. Re2 Qd6 34.
Bc3 Nxc3 35. Qxc3 Qd5+ 36. Qf3 Qxf3+ 37. Kxf3 Nd5 38. Re6 Kf7 39. f5 Nc3 40.
Rb2 Rd3+ 41. Re3 Rxe3+ 42. Kf4 Re4+ 43. Kf3 Rxb4 44. Rd2 Nd5 45. g4 Rf4+ 46.
Kg3 Bd6 47. Kh4 Rf3 48. g5 hxg5+ 49. Kg4 Rf1 50. Rb2 Ne3+ 51. Kxg5 Rxf5+ 52.
Kh4 b5 53. h3 Kg6 0-1

[Event "43. Olimpiada Batumi 2018 Femenina"]
[Site "Batumi GEO"]
[Date "2018.10.04"]
[Round "10.3"]
[White "Berezovska, Svetlana"]
[Black "De Silva, Tenara"]
[Result "0-1"]
[WhiteElo "1812"]
[BlackElo "1764"]
[PlyCount "66"]
[EventDate "2018.09.24"]
[EventType "team-swiss"]
[EventRounds "11"]
[EventCountry "GEO"]
[SourceTitle "Ajedrez en Madrid"]
[Source "lmi"]
[SourceDate "2018.09.24"]
[WhiteTeam "Monaco"]
[BlackTeam "Sri Lanka"]
[WhiteTeamCountry "MNC"]
[BlackTeamCountry "SRI"]

1. e4 c6 2. d4 d5 3. Nc3 dxe4 4. Nxe4 Bf5 5. Ng3 Bg6 6. Nh3 Nf6 7. Nf4 Nbd7 8.
h4 e5 9. Nxg6 hxg6 10. Bg5 exd4 11. Qxd4 Bc5 12. Qd2 Qe7+ 13. Be2 O-O-O 14. O-O
Qe5 15. b4 Nb6 16. Qc1 Bxb4 17. Rb1 Bc5 18. Rb3 Rde8 19. Re1 Qc7 20. Qb2 Re6
21. Bxf6 Rxf6 22. Bg4+ Kb8 23. Ne4 Rf4 24. Nxc5 Rxg4 25. g3 f6 26. Kf1 Qf7 27.
Rc3 Rd8 28. Qc1 Rc4 29. Qe3 Nd5 30. Qd3 Rxc3 31. Na6+ bxa6 32. Rb1+ Ka8 33.
Qxa6 Rb8 0-1

[Event "43. Olimpiada Batumi 2018 Femenina"]
[Site "Batumi GEO"]
[Date "2018.10.04"]
[Round "10.4"]
[White "Jayaweera, Sayuni Gihansa"]
[Black "Lebel-Arias, Julia"]
[Result "1/2-1/2"]
[WhiteElo "1655"]
[BlackElo "1724"]
[PlyCount "119"]
[EventDate "2018.09.24"]
[EventType "team-swiss"]
[EventRounds "11"]
[EventCountry "GEO"]
[SourceTitle "Ajedrez en Madrid"]
[Source "lmi"]
[SourceDate "2018.09.24"]
[WhiteTeam "Sri Lanka"]
[BlackTeam "Monaco"]
[WhiteTeamCountry "SRI"]
[BlackTeamCountry "MNC"]

1. d4 g6 2. Nf3 Bg7 3. g3 c5 4. c3 Qb6 5. Bg2 d6 6. O-O Nd7 7. Re1 f6 8. Nbd2
Nh6 9. e4 Nf7 10. Nc4 Qc7 11. Ne3 e6 12. Qb3 Nb6 13. dxc5 dxc5 14. Nc4 O-O 15.
Be3 e5 16. Nxb6 axb6 17. Nd2 Bd7 18. Nc4 Ra6 19. Na3 Ba4 20. Qc4 Qe7 21. f4 Kh8
22. b3 Nd6 23. Qd3 Bc6 24. Nc4 Nf7 25. a4 Rd8 26. Qc2 b5 27. axb5 Bxb5 28. Rxa6
bxa6 29. Nb6 Qd6 30. Nd5 c4 31. b4 exf4 32. gxf4 Bc6 33. Bb6 Re8 34. Bc5 Qb8
35. Qf2 Bxd5 36. exd5 f5 37. Rxe8+ Qxe8 38. Bd4 Qe7 39. Bxg7+ Kxg7 40. Qd4+ Kh6
41. Kf1 Nd6 42. Qe5 Qc7 43. Qf6 Nf7 44. Qd4 Nd6 45. Qe5 Qd7 46. Qf6 Nf7 47.
Qxa6 Qc7 48. d6 Nxd6 49. Qc6 Qxc6 50. Bxc6 g5 51. fxg5+ Kxg5 52. b5 Nc8 53. Ke2
Kf4 54. Kf2 h6 55. Bf3 Nb6 56. Be2 Ke4 57. h4 Kf4 58. h5 Ke4 59. Bf1 Kf4 60.
Be2 1/2-1/2

[Event "43. Olimpiada Batumi 2018 Femenina"]
[Site "Batumi GEO"]
[Date "2018.10.04"]
[Round "10.1"]
[White "Nazarova, Anastasia"]
[Black "Silva Rosas, Natalia"]
[Result "1-0"]
[WhiteElo "2029"]
[BlackElo "1833"]
[PlyCount "57"]
[EventDate "2018.09.24"]
[EventType "team-swiss"]
[EventRounds "11"]
[EventCountry "GEO"]
[SourceTitle "Ajedrez en Madrid"]
[Source "lmi"]
[SourceDate "2018.09.24"]
[WhiteTeam "Finland"]
[BlackTeam "Uruguay"]
[WhiteTeamCountry "FIN"]
[BlackTeamCountry "URU"]

1. e4 c5 2. Nf3 e6 3. d4 cxd4 4. Nxd4 a6 5. Bd3 Bc5 6. Nb3 Ba7 7. O-O Nc6 8.
Qe2 Nf6 9. e5 Nd5 10. a3 Qc7 11. c4 Nde7 12. Re1 Ng6 13. Bxg6 hxg6 14. c5 f6
15. f4 Ne7 16. Nc3 Bxc5+ 17. Nxc5 Qxc5+ 18. Be3 Qc7 19. Rac1 Qd8 20. Ne4 Nf5
21. Qf2 Nxe3 22. Nd6+ Ke7 23. Rxe3 Qb6 24. exf6+ gxf6 25. Rxe6+ dxe6 26. Qxb6
Bd7 27. Nxb7 Rhc8 28. Qd6+ Ke8 29. Rd1 1-0

[Event "43. Olimpiada Batumi 2018 Femenina"]
[Site "Batumi GEO"]
[Date "2018.10.04"]
[Round "10.2"]
[White "Quevedo, Andreina"]
[Black "Puuska, Heini"]
[Result "1-0"]
[WhiteElo "1809"]
[BlackElo "1961"]
[PlyCount "121"]
[EventDate "2018.09.24"]
[EventType "team-swiss"]
[EventRounds "11"]
[EventCountry "GEO"]
[SourceTitle "Ajedrez en Madrid"]
[Source "lmi"]
[SourceDate "2018.09.24"]
[WhiteTeam "Uruguay"]
[BlackTeam "Finland"]
[WhiteTeamCountry "URU"]
[BlackTeamCountry "FIN"]

1. e4 c6 2. d4 d5 3. exd5 cxd5 4. Bd3 Nc6 5. c3 Nf6 6. h3 g6 7. Nf3 Bf5 8. Bxf5
gxf5 9. Bf4 Rg8 10. O-O Qd7 11. b4 Nh5 12. Ne5 Nxe5 13. Bxe5 Ng7 14. Nd2 Ne6
15. Qh5 f4 16. Qxh7 Rg6 17. Nf3 Nd8 18. Bxf4 Qf5 19. Bg3 Qf6 20. Qh5 e6 21.
Rfe1 Qe7 22. Bh4 Qd6 23. Qe5 Qc6 24. Qe3 f6 25. Qd3 Kf7 26. Bxf6 Kxf6 27. Ne5
Qe8 28. Qxg6+ Qxg6 29. Nxg6 Kxg6 30. f4 Rc8 31. Re3 Bh6 32. g3 Rc6 33. Rae1 Kf6
34. Kf2 Rc7 35. Kf3 Re7 36. g4 Bg7 37. h4 Rc7 38. h5 Bf8 39. g5+ Kf7 40. Kg4
Kg7 41. Rh1 b6 42. h6+ Kg6 43. h7 Rxh7 44. Rxh7 Kxh7 45. Kh5 Bd6 46. Kg4 Kg6
47. a4 a6 48. Re2 Bf8 49. b5 a5 50. c4 dxc4 51. Rc2 Bg7 52. Rxc4 Kf7 53. Rc7+
Kf8 54. g6 Bxd4 55. Rd7 Bf6 56. Kh5 Kg8 57. Rd6 Nb7 58. Rxb6 Nc5 59. Rc6 Nxa4
60. Rxe6 Bd4 61. Re4 1-0

[Event "43. Olimpiada Batumi 2018 Femenina"]
[Site "Batumi GEO"]
[Date "2018.10.04"]
[Round "10.3"]
[White "Norlamo, Sarabella"]
[Black "Malan, Lucia"]
[Result "1/2-1/2"]
[WhiteElo "1874"]
[BlackElo "1785"]
[PlyCount "68"]
[EventDate "2018.09.24"]
[EventType "team-swiss"]
[EventRounds "11"]
[EventCountry "GEO"]
[SourceTitle "Ajedrez en Madrid"]
[Source "lmi"]
[SourceDate "2018.09.24"]
[WhiteTeam "Finland"]
[BlackTeam "Uruguay"]
[WhiteTeamCountry "FIN"]
[BlackTeamCountry "URU"]

1. e4 c5 2. Nf3 d6 3. d4 cxd4 4. Nxd4 Nf6 5. Nc3 g6 6. Be3 Bg7 7. f3 O-O 8. Qd2
Nc6 9. Bc4 Bd7 10. O-O-O Rc8 11. Bb3 Nxd4 12. Bxd4 b5 13. Nd5 Nxd5 14. Bxg7
Kxg7 15. exd5 Qb6 16. Rhe1 Rfe8 17. Qd4+ Qxd4 18. Rxd4 a5 19. a3 a4 20. Ba2 Bf5
21. Re2 g5 22. Bb1 Kf6 23. g4 Bg6 24. f4 gxf4 25. h4 h6 26. Rxf4+ Kg7 27. c3
Bxb1 28. Kxb1 Rc5 29. Rd4 Kf6 30. Kc2 e5 31. dxe6 Rxe6 32. Rf2+ Ke7 33. Rdf4 f6
34. Kd3 Rd5+ 1/2-1/2

[Event "43. Olimpiada Batumi 2018 Femenina"]
[Site "Batumi GEO"]
[Date "2018.10.04"]
[Round "10.4"]
[White "De Leon, Daiana"]
[Black "Rinne, Heini"]
[Result "1/2-1/2"]
[WhiteElo "1633"]
[BlackElo "1760"]
[PlyCount "146"]
[EventDate "2018.09.24"]
[EventType "team-swiss"]
[EventRounds "11"]
[EventCountry "GEO"]
[SourceTitle "Ajedrez en Madrid"]
[Source "lmi"]
[SourceDate "2018.09.24"]
[WhiteTeam "Uruguay"]
[BlackTeam "Finland"]
[WhiteTeamCountry "URU"]
[BlackTeamCountry "FIN"]

1. d4 d5 2. c4 c6 3. Nf3 Nf6 4. Qb3 dxc4 5. Qxc4 Bf5 6. g3 e6 7. Bg2 Qd5 8. Qa4
Qd8 9. O-O h6 10. Qd1 Be7 11. e3 O-O 12. Qe2 Nbd7 13. Rd1 Qc7 14. Nfd2 Bc2 15.
Re1 e5 16. Nf3 Bg6 17. Nc3 Bh5 18. Qc2 Rac8 19. dxe5 Nxe5 20. Nxe5 Qxe5 21. e4
Bb4 22. Bf4 Qe6 23. f3 Rfd8 24. a3 Ba5 25. Be3 Bb6 26. Bxb6 axb6 27. Red1 Qc4
28. Rxd8+ Rxd8 29. Rd1 Qc5+ 30. Kh1 Rxd1+ 31. Qxd1 Qf2 32. Qe2 Qxe2 33. Nxe2
Nxe4 34. g4 Nf2+ 35. Kg1 Nxg4 36. fxg4 Bxg4 37. Nc3 Kf8 38. Na4 b5 39. Nc5 Bc8
40. Kf2 Ke7 41. Ke3 g5 42. Bf3 f5 43. Bh5 b6 44. Nd3 Kd6 45. Kd4 c5+ 46. Ke3
Bd7 47. Bf7 Bc6 48. Nf2 Ke5 49. Bg6 Kf6 50. Bh5 Ke5 51. Nd3+ Ke6 52. Nc1 Ke5
53. Ne2 f4+ 54. Kf2 b4 55. axb4 cxb4 56. Nc1 Kd4 57. Ne2+ Kc4 58. Nc1 Bd5 59.
Be2+ Kd4 60. Nd3 b3 61. Nc1 Bf7 62. Bd1 h5 63. Nxb3+ Kd3 64. Kf3 Bd5+ 65. Kf2
g4 66. Be2+ Kc2 67. Nd4+ Kxb2 68. Nf5 Kc3 69. Bb5 Bc4 70. Be8 b5 71. Nd6 b4 72.
Nxc4 Kxc4 73. Bxh5 g3+ 1/2-1/2

[Event "43. Olimpiada Batumi 2018 Femenina"]
[Site "Batumi GEO"]
[Date "2018.10.04"]
[Round "10.1"]
[White "Mirza, Diana"]
[Black "Fierro Baquero, Martha L"]
[Result "0-1"]
[WhiteElo "1960"]
[BlackElo "2369"]
[PlyCount "68"]
[EventDate "2018.09.24"]
[EventType "team-swiss"]
[EventRounds "11"]
[EventCountry "GEO"]
[SourceTitle "Ajedrez en Madrid"]
[Source "lmi"]
[SourceDate "2018.09.24"]
[WhiteTeam "Ireland"]
[BlackTeam "Ecuador"]
[WhiteTeamCountry "IRL"]
[BlackTeamCountry "ECU"]

1. e4 g6 2. g3 Bg7 3. Bg2 c6 4. d4 d5 5. e5 f6 6. f4 Nh6 7. Nf3 O-O 8. O-O Bg4
9. h3 Bxf3 10. Rxf3 Nf5 11. Rb3 b5 12. g4 Nh4 13. Bh1 fxe5 14. dxe5 e6 15. g5
Nd7 16. Qe1 Nf5 17. Be3 Nxe3 18. Qxe3 Qb6 19. Qxb6 axb6 20. Rf3 Ra4 21. Nd2
Raxf4 22. Rxf4 Rxf4 23. Nf3 Bxe5 24. Re1 Rf5 25. c3 Kf7 26. h4 Bg3 27. Rf1 Ke7
28. Kg2 Be5 29. Kh3 Kd6 30. Bg2 Bg7 31. Kg4 e5 32. h5 e4 33. Nh4 Ne5+ 34. Kh3
Rxg5 0-1

[Event "43. Olimpiada Batumi 2018 Femenina"]
[Site "Batumi GEO"]
[Date "2018.10.04"]
[Round "10.2"]
[White "Heredia Serrano, Carla"]
[Black "Plaza Reino, Mercedes"]
[Result "1-0"]
[WhiteElo "2159"]
[BlackElo "1727"]
[PlyCount "97"]
[EventDate "2018.09.24"]
[EventType "team-swiss"]
[EventRounds "11"]
[EventCountry "GEO"]
[SourceTitle "Ajedrez en Madrid"]
[Source "lmi"]
[SourceDate "2018.09.24"]
[WhiteTeam "Ecuador"]
[BlackTeam "Ireland"]
[WhiteTeamCountry "ECU"]
[BlackTeamCountry "IRL"]

1. e4 c5 2. Nf3 e6 3. b3 a6 4. c4 Nc6 5. Bb2 d6 6. d4 cxd4 7. Nxd4 Qc7 8. Bd3
Nf6 9. O-O Be7 10. Nd2 O-O 11. Rc1 b6 12. Nxc6 Qxc6 13. Qf3 e5 14. h3 Bb7 15.
Rfd1 Nd7 16. Bb1 Bg5 17. Bc3 Nc5 18. Re1 Qc7 19. Qg4 Bh6 20. Rcd1 b5 21. Bb2
Rac8 22. cxb5 axb5 23. Nf1 Rfd8 24. Ng3 g6 25. Nf5 Bf8 26. Bc1 Kh8 27. Bg5 Re8
28. Bf6+ Kg8 29. Rc1 Qb6 30. Ng3 Ne6 31. Rcd1 Bg7 32. Bxg7 Nxg7 33. Qg5 Qd8 34.
Qd2 Rc6 35. Ne2 Qb6 36. Nc3 Rd8 37. Nd5 Qa7 38. Ne7+ Kh8 39. Qg5 Qa8 40. Nxc6
Bxc6 41. Qf6 Qb8 42. Qxf7 Rf8 43. Qe7 Rd8 44. Rd2 Kg8 45. Rc1 Rc8 46. Qxd6 Qb7
47. Rdc2 Bd7 48. Rxc8+ Bxc8 49. Qd8+ 1-0

[Event "43. Olimpiada Batumi 2018 Femenina"]
[Site "Batumi GEO"]
[Date "2018.10.04"]
[Round "10.3"]
[White "Lowry-O`Reilly, Hannah"]
[Black "Ortiz Verdesoto, Anahi"]
[Result "0-1"]
[WhiteElo "1716"]
[BlackElo "1954"]
[PlyCount "90"]
[EventDate "2018.09.24"]
[EventType "team-swiss"]
[EventRounds "11"]
[EventCountry "GEO"]
[SourceTitle "Ajedrez en Madrid"]
[Source "lmi"]
[SourceDate "2018.09.24"]
[WhiteTeam "Ireland"]
[BlackTeam "Ecuador"]
[WhiteTeamCountry "IRL"]
[BlackTeamCountry "ECU"]

1. d4 Nf6 2. Nf3 e6 3. e3 b6 4. Bd3 Bb7 5. O-O d5 6. b3 c5 7. Bb2 Bd6 8. Nbd2
O-O 9. c4 Nbd7 10. Qc2 cxd4 11. exd4 Rc8 12. Rac1 Bf4 13. Rcd1 Qc7 14. Rfe1 h6
15. Qb1 Ng4 16. g3 Bd6 17. cxd5 Bxd5 18. Be4 Ngf6 19. Bxd5 Nxd5 20. Rc1 Qb7 21.
a3 a5 22. Ne5 N7f6 23. Ne4 Nxe4 24. Qxe4 b5 25. h4 a4 26. b4 Bxe5 27. dxe5 Qa6
28. Bd4 Rc4 29. Rxc4 bxc4 30. Rc1 Rc8 31. Bc3 Qc6 32. Qc2 Nc7 33. Rd1 Nb5 34.
Bb2 c3 35. Bc1 Qc4 36. Qxa4 c2 37. Rd2 Nd4 38. Qd7 Nb3 39. Rxc2 Qxc2 40. Be3
Qc7 41. Qxc7 Rxc7 42. a4 Rc4 43. a5 Rxb4 44. a6 Ra4 45. a7 Ra6 0-1